000 00798nam a2200265 a 4500
001 69668
003 BD-RjUL
005 20211209081919.0
008 170413s1968 nyua b 001 0 eng d
035 _a(BD-RjUL)69880
040 _aDLC
_cDLC
_dBD-RjUL
_beng
041 _aeng
082 0 0 _a512.66
_223
_bBAA 1968
100 1 _aBass, Hyman,
_d1932-
_9206354
245 1 0 _aAlgebraic K-theory /
_cHyman Bass
260 _aNew York :
_bW. A. Benjamin,
_c1968.
300 _axix, 762 p. :
_bill. ;
_c24 cm.
490 0 _aMathematics lecture note series
504 _aIncludes bibliographical references and index
650 0 _aK-theory.
_9138662
650 0 _aModules (Algebra)
_9156116
650 0 _aRings (Algebra)
_9206355
830 _aMathematics lecture note series
_9210929
942 _2ddc
_cBK
999 _c69668
_d69668